000 00460pab a2200169 454500
008 180718b1995 xxu||||| |||| 00| 0 eng d
100 _aBrosnan, Peter
245 _aLabour market segmentation and the state
_bthe New Zealand experience.
260 _c1995
300 _ap.667-96
362 _aOct
650 _aLabour policy - New Zealand
700 _aWilson, Moira
700 _aRea, David
773 _aCambridge Journal of Economics
909 _a30063
999 _c30063
_d30063